| 000 | 00457nam a2200181Ia 4500 | ||
|---|---|---|---|
| 008 | 230524s9999 xx 000 0 und d | ||
| 020 | _a8126511885 | ||
| 082 |
_a5.133 _bPET |
||
| 100 | _aJames F.Peters | ||
| 245 | 0 | _aSoftware Engineering : An Engineering Approach | |
| 250 | _a1ST | ||
| 260 |
_aNEW DELHI _bJohn Wiley _c2007 |
||
| 300 | _aXVIII;697 | ||
| 500 | _aQuantity Number: 5 | ||
| 650 | _aComp-Sc | ||
| 700 | _a Witold Pedrycz | ||
| 942 | _cBK | ||
| 999 |
_c38125 _d38125 |
||